Every NCAA CFB Champion Since 2000 - Statistics

General Stats
  • This quiz has been taken 446 times
  • The average score is 22 of 24
Answer Stats
Year Team % Correct
2020 Alabama
99%
2017 Alabama
99%
2015 Alabama
99%
2012 Alabama
99%
2011 Alabama
99%
2009 Alabama
99%
2022 Georgia
99%
2021 Georgia
99%
2018 Clemson
94%
2016 Clemson
94%
2019 LSU
94%
2007 LSU
94%
^ LSU
94%
2014 Ohio State
94%
2002 Ohio State
94%
2008 Florida
89%
2006 Florida
89%
2013 Florida State
87%
2005 Texas
81%
2010 Auburn
79%
2004 USC
76%
2003* USC
76%
2001 Miami
70%
2000 Oklahoma
63%
No matching quizzes found
Score Distribution
Percent of People with Each Score
Percentile by Number Answered
Your Score History
You have not taken this quiz